000 00790nam a22002297a 4500
003 UA-OsUOA
001 118657
007 ta
008 20160912b un ||||| |||| 00| 0 ukr d
100 _aБорщевський В.В.
700 _aКуцаб-Бонк К.
090 _a330(477)
_bБ83
942 _cSA
040 _aUA-OsUOA
_bukr
_cUA-OsUOA
_dUA-OsUOA
245 _aСоціально-економічна конвергенція людського потенціалу в контексті розвитку транскордонного регіону
300 _aС.174-181
955 _a0
041 _aukr
080 _a330(477)
773 0 _w118645
_tРегіональна економіка
_dЛьвів
_d2016
_g2
650 7 _a330 Економіка взагалі
_2UDC
999 _c404787
_d404787